[Event "Madrid ch 2021-2022 Semifinal"]
[Site "Madrid ESP"]
[Date "2022.05.05"]
[Round "2.4"]
[White "Martinez Fernandez, Raul"]
[Black "Gueler Berdasco, Martin"]
[Result "0-1"]
[WhiteElo "2204"]
[BlackElo "1946"]
[PlyCount "112"]
[EventDate "2022.05.04"]
[EventType "swiss"]
[EventRounds "9"]
[EventCountry "ESP"]
[SourceTitle "Ajedrez en Madrid"]
[Source "lmi"]
[SourceDate "2022.05.04"]
[SourceVersion "1"]
[SourceVersionDate "2022.05.15"]
[SourceQuality "1"]

1. e4 c5 2. Nf3 d6 3. c3 Nf6 4. Be2 g6 5. O-O Bg7 6. Re1 O-O 7. Bf1 Nc6 8. d4
Bg4 9. d5 Ne5 10. Nbd2 a6 11. a4 Qa5 12. h3 Nxf3+ 13. Nxf3 Bxf3 14. Qxf3 b5 15.
Bf4 b4 16. e5 dxe5 17. Bxe5 bxc3 18. Bxc3 Qd8 19. Rad1 Nd7 20. a5 Re8 21. Bc4
Bxc3 22. Qxc3 Qc7 23. Re3 Qd6 24. Rde1 Nf6 25. Qe5 Qxe5 26. Rxe5 Kf8 27. Bb3
Ra7 28. Ba4 Rd8 29. Bc6 Rb8 30. R5e2 Rb4 31. Rc2 Rc7 32. Rxc5 Nxd5 33. Rec1 Nf4
34. Bf3 Ra7 35. R5c4 Rxc4 36. Rxc4 Nd3 37. Be2 Ne5 38. Rc8+ Kg7 39. f4 Nd7 40.
Bf3 e5 41. b4 exf4 42. Ra8 Rxa8 43. Bxa8 Kf6 44. b5 axb5 45. Bc6 Ke7 46. Bxb5
Kd6 47. Kf2 Kc7 48. Kf3 Ne5+ 49. Kxf4 f6 50. Ke4 Nc6 51. a6 Na7 52. Bc4 Kd6 53.
Bg8 h6 54. Bf7 g5 55. Kf5 Ke7 56. Bd5 h5 0-1

[Event "Madrid ch 2021-2022 Semifinal"]
[Site "Madrid ESP"]
[Date "2022.05.05"]
[Round "2.5"]
[White "Armenteros Peral, Javier"]
[Black "Ruiz Buendia, Miguel"]
[Result "0-1"]
[WhiteElo "2000"]
[BlackElo "2162"]
[PlyCount "114"]
[EventDate "2022.05.04"]
[EventType "swiss"]
[EventRounds "9"]
[EventCountry "ESP"]
[SourceTitle "Ajedrez en Madrid"]
[Source "lmi"]
[SourceDate "2022.05.04"]
[SourceVersion "1"]
[SourceVersionDate "2022.05.15"]
[SourceQuality "1"]

1. e4 c5 2. Nf3 Nc6 3. d4 cxd4 4. Nxd4 g6 5. Nc3 Bg7 6. Nde2 Nf6 7. g3 b5 8.
Bg2 b4 9. Nd5 a5 10. a3 Ba6 11. axb4 axb4 12. Be3 O-O 13. O-O Ng4 14. Bc1 e6
15. Ndf4 Qb6 16. Nd3 Nce5 17. h3 b3 18. Nxe5 bxc2 19. Qxc2 Nxe5 20. Be3 Qb5 21.
Nc3 Qd3 22. Rfc1 Qxc2 23. Rxc2 Nc4 24. Nd1 Nxe3 25. Nxe3 Bb5 26. Rxa8 Rxa8 27.
b3 Kf8 28. Nc4 Ra1+ 29. Kh2 Ke7 30. f4 Bd4 31. g4 g5 32. Kg3 Rb1 33. Nd2 Bd3
34. Rc4 Bxc4 35. Nxb1 gxf4+ 36. Kxf4 Bxb3 37. Nd2 Ba2 38. Kf3 d5 39. Ke2 Kd6
40. Kd3 Kc5 41. exd5 exd5 42. h4 Bf2 43. h5 Be1 44. Nf3 Bc4+ 45. Kc2 Bg3 46.
Ng5 Kd4 47. Nxf7 Ke3 48. Nh6 Kf2 49. Nf5 Kxg2 50. g5 Be5 51. g6 hxg6 52. hxg6
d4 53. Nh6 Kf3 54. Nf7 d3+ 55. Kd2 Bf4+ 56. Kc3 d2 57. Kxc4 d1=Q 0-1

[Event "Madrid ch 2021-2022 Semifinal"]
[Site "Madrid ESP"]
[Date "2022.05.05"]
[Round "2.6"]
[White "Marcos Herrero, Francisco"]
[Black "Horcajuelo Rocamora, Martin"]
[Result "0-1"]
[WhiteElo "1939"]
[BlackElo "2126"]
[PlyCount "164"]
[EventDate "2022.05.04"]
[EventType "swiss"]
[EventRounds "9"]
[EventCountry "ESP"]
[SourceTitle "Ajedrez en Madrid"]
[Source "lmi"]
[SourceDate "2022.05.04"]
[SourceVersion "1"]
[SourceVersionDate "2022.05.15"]
[SourceQuality "1"]

1. Nf3 d5 2. d4 Nf6 3. c4 e6 4. g3 dxc4 5. Bg2 c6 6. a4 Bb4+ 7. Bd2 a5 8. Na3
O-O 9. O-O Be7 10. Nxc4 b6 11. Qb3 Nbd7 12. Rfd1 Qc7 13. Bf4 Qa7 14. Nfe5 Nxe5
15. Nxe5 Bb7 16. Nxc6 Bxc6 17. Bxc6 Rac8 18. Bf3 Bb4 19. e4 Rfd8 20. Bg5 Be7
21. Bf4 Bb4 22. d5 exd5 23. exd5 h6 24. Rac1 Qd7 25. Rc6 Qf5 26. Bc7 Nd7 27.
Bxd8 Rxd8 28. Rcc1 Nc5 29. Qe3 Nxa4 30. d6 Qf6 31. d7 Bc5 32. Qe8+ Kh7 33. Kg2
g6 34. Rc2 Kg7 35. b3 Nb2 36. Rxb2 Qxb2 37. Rf1 Qf6 38. Re1 Bb4 39. Re2 Bc5 40.
Bb7 Bd4 41. Bc8 Qc6+ 42. Qe4 Qc5 43. h4 Bf6 44. Rd2 b5 45. Qd5 Qb6 46. Qd6 Qa7
47. Rd3 a4 48. bxa4 bxa4 49. Rf3 Qd4 50. Qxd4 Bxd4 51. Rf4 Bb6 52. Rxa4 Rf8 53.
Bb7 Rb8 54. Bc6 Bd8 55. Re4 Rb6 56. Ba4 Rd6 57. Re8 Bb6 58. Rb8 Bc7 59. Rc8 Ba5
60. Kf3 Rd4 61. Bc6 Kf6 62. Ke3 Rd6 63. Ke4 Ke6 64. Re8+ Kf6 65. Ra8 Bc7 66.
Bb5 Ke7 67. Re8+ Kf6 68. g4 Bb6 69. Rh8 Rd4+ 70. Kf3 Rd5 71. Rb8 Bc7 72. Rb7
Bd8 73. Ke4 Rd1 74. f3 Ke6 75. h5 gxh5 76. gxh5 f5+ 77. Ke3 Re1+ 78. Kd3 Rd1+
79. Ke2 Rd6 80. Rb8 Ke7 81. Ke3 Re6+ 82. Kf4 Bc7+ 0-1

[Event "Madrid ch 2021-2022 Semifinal"]
[Site "Madrid ESP"]
[Date "2022.05.05"]
[Round "2.7"]
[White "Barez Menendez, Hector"]
[Black "Simonyan, Arturo"]
[Result "1/2-1/2"]
[WhiteElo "2066"]
[BlackElo "1895"]
[PlyCount "66"]
[EventDate "2022.05.04"]
[EventType "swiss"]
[EventRounds "9"]
[EventCountry "ESP"]
[SourceTitle "Ajedrez en Madrid"]
[Source "lmi"]
[SourceDate "2022.05.04"]
[SourceVersion "1"]
[SourceVersionDate "2022.05.15"]
[SourceQuality "1"]

1. d4 d5 2. c4 e6 3. Nf3 Nf6 4. Nc3 Be7 5. cxd5 exd5 6. Bg5 O-O 7. Qc2 c6 8. e3
Nbd7 9. Bd3 Re8 10. O-O Nf8 11. Rab1 a5 12. a3 Ng6 13. Bxf6 Bxf6 14. b4 axb4
15. axb4 Bg4 16. Nd2 Qd6 17. Rfc1 Ra3 18. Rb3 Rxb3 19. Qxb3 Bg5 20. Nf1 f5 21.
Re1 f4 22. Qb1 f3 23. g3 Qf6 24. Na4 Nf8 25. Nc5 Qh6 26. Nd2 Bxe3 27. Nf1 Qh3
28. Nxe3 Rxe3 29. Bf1 Rxe1 30. Qxe1 Qh5 31. Nxb7 Bh3 32. Nc5 Bxf1 33. Qxf1 Qf5
1/2-1/2

[Event "Madrid ch 2021-2022 Semifinal"]
[Site "Madrid ESP"]
[Date "2022.05.05"]
[Round "2.8"]
[White "Lopez Herrero, Israel"]
[Black "Perdomo Araujo, Angel Eduardo"]
[Result "1/2-1/2"]
[WhiteElo "1824"]
[BlackElo "2065"]
[PlyCount "72"]
[EventDate "2022.05.04"]
[EventType "swiss"]
[EventRounds "9"]
[EventCountry "ESP"]
[SourceTitle "Ajedrez en Madrid"]
[Source "lmi"]
[SourceDate "2022.05.04"]
[SourceVersion "1"]
[SourceVersionDate "2022.05.15"]
[SourceQuality "1"]

1. e4 d5 2. exd5 Qxd5 3. Nc3 Qd6 4. Nf3 Nf6 5. d4 c6 6. Be2 g6 7. h3 Bg7 8. Be3
Nbd7 9. Qd2 Nb6 10. O-O O-O 11. Bf4 Qd8 12. Bh6 Nbd5 13. Bxg7 Kxg7 14. Nxd5
cxd5 15. Bd3 Be6 16. Rae1 Rc8 17. Ng5 Bd7 18. f4 e6 19. c3 Qb6 20. g4 Qd6 21.
Nf3 h5 22. Ne5 hxg4 23. hxg4 Rh8 24. f5 exf5 25. gxf5 Rh5 26. Re2 Ne4 27. Bxe4
dxe4 28. fxg6 f6 29. Nxd7 Qxd7 30. Rh2 Rxh2 31. Qxh2 Qg4+ 32. Kf2 Qf3+ 33. Ke1
Qe3+ 34. Qe2 Qc1+ 35. Kf2 Qf4+ 36. Ke1 Qc1+ 1/2-1/2

[Event "Madrid ch 2021-2022 Semifinal"]
[Site "Madrid ESP"]
[Date "2022.05.05"]
[Round "2.9"]
[White "Vaquerizo Calvo, Miguel Arturo"]
[Black "Pindado Campos, Raul"]
[Result "0-1"]
[WhiteElo "2057"]
[BlackElo "2073"]
[PlyCount "57"]
[EventDate "2022.05.04"]
[EventType "swiss"]
[EventRounds "9"]
[EventCountry "ESP"]
[SourceTitle "Ajedrez en Madrid"]
[Source "lmi"]
[SourceDate "2022.05.04"]
[SourceVersion "1"]
[SourceVersionDate "2022.05.15"]
[SourceQuality "1"]

1. e4 c5 2. Nf3 e6 3. d4 cxd4 4. Nxd4 Nc6 5. Nc3 a6 6. Qd3 Nxd4 7. Qxd4 b5 8.
g3 Bb7 9. Bg2 Rc8 10. O-O Ne7 11. Bg5 h6 12. Bf4 Nc6 13. Qd2 Na5 14. a4 Nc4 15.
Qd4 e5 16. Bxe5 Bc5 17. Qd1 Nxe5 18. axb5 axb5 19. Nxb5 Qb6 20. Nc3 Qxb2 21.
Na4 Qd4 22. Qh5 g6 23. Qh4 Be7 24. Qh3 Rxc2 25. Rab1 Ba6 26. Rb8+ Rc8 27. Rxc8+
Bxc8 28. Rc1 O-O 29. Nc3 0-1

[Event "Madrid ch 2021-2022 Semifinal"]
[Site "Madrid ESP"]
[Date "2022.05.05"]
[Round "2.10"]
[White "Feal Albala, Alonso"]
[Black "Palomo Monserrat, Lorenzo"]
[Result "0-1"]
[WhiteElo "1892"]
[BlackElo "1862"]
[PlyCount "70"]
[EventDate "2022.05.04"]
[EventType "swiss"]
[EventRounds "9"]
[EventCountry "ESP"]
[SourceTitle "Ajedrez en Madrid"]
[Source "lmi"]
[SourceDate "2022.05.04"]
[SourceVersion "1"]
[SourceVersionDate "2022.05.15"]
[SourceQuality "1"]

1. e4 c5 2. Nf3 d6 3. d4 cxd4 4. Nxd4 Nf6 5. Nc3 Nc6 6. Be3 e6 7. Be2 Be7 8.
O-O O-O 9. f4 d5 10. e5 Nd7 11. Bg4 Nb6 12. b3 a6 13. Rf3 Bd7 14. Rh3 Rc8 15.
Nce2 Qc7 16. Qd3 g6 17. Nxc6 Bxc6 18. Nd4 Nd7 19. Kh1 Nc5 20. Qe2 Bd7 21. Rc1
Ne4 22. c4 b5 23. Bf3 bxc4 24. Bxe4 dxe4 25. Rxc4 Qb7 26. Bg1 Rxc4 27. Qxc4 Rc8
28. Qe2 Bc5 29. Qd2 Qd5 30. Rc3 Bc6 31. Rc4 Bb5 32. Rc1 Rd8 33. Rd1 Bd3 34. Nc2
Bxc2 35. Qxd5 exd5 0-1

[Event "Madrid ch 2021-2022 Semifinal"]
[Site "Madrid ESP"]
[Date "2022.05.05"]
[Round "2.11"]
[White "Lorenzo Bailador, Alfredo"]
[Black "Longa Yauca, Javier"]
[Result "0-1"]
[WhiteElo "1962"]
[BlackElo "2259"]
[PlyCount "84"]
[EventDate "2022.05.04"]
[EventType "swiss"]
[EventRounds "9"]
[EventCountry "ESP"]
[SourceTitle "Ajedrez en Madrid"]
[Source "lmi"]
[SourceDate "2022.05.04"]
[SourceVersion "1"]
[SourceVersionDate "2022.05.15"]
[SourceQuality "1"]

1. e4 Nf6 2. d3 d6 3. Nf3 Nc6 4. c3 e5 5. Be2 Be7 6. O-O O-O 7. Nbd2 g6 8. Re1
Kg7 9. b4 a6 10. a3 Ng8 11. Bb2 f5 12. d4 Bf6 13. Bd3 f4 14. Nb3 g5 15. Be2 Qe8
16. Nfd2 Nge7 17. Nc4 Ng6 18. Nca5 Nd8 19. Bg4 Rh8 20. Bxc8 Rxc8 21. Qd3 g4 22.
Rad1 f3 23. g3 b6 24. Nc4 Ne6 25. Ne3 h5 26. Nd2 Rh7 27. Ndc4 Kh8 28. dxe5 Nxe5
29. Nxe5 Bxe5 30. Rd2 Qg6 31. c4 Re8 32. Bxe5+ dxe5 33. Nf5 Qf6 34. Red1 h4 35.
Qc3 Ng5 36. Rd7 Nxe4 37. Rxh7+ Kxh7 38. Rd7+ Kg8 39. Qd3 Qxf5 40. Rxc7 Nd6 41.
Qd5+ Nf7 42. h3 hxg3 0-1

[Event "Madrid ch 2021-2022 Semifinal"]
[Site "Madrid ESP"]
[Date "2022.05.05"]
[Round "2.12"]
[White "Torres Boch, Jose F."]
[Black "Alvarez Abejon, Amilcar"]
[Result "1-0"]
[WhiteElo "2134"]
[BlackElo "1982"]
[PlyCount "85"]
[EventDate "2022.05.04"]
[EventType "swiss"]
[EventRounds "9"]
[EventCountry "ESP"]
[SourceTitle "Ajedrez en Madrid"]
[Source "lmi"]
[SourceDate "2022.05.04"]
[SourceVersion "1"]
[SourceVersionDate "2022.05.15"]
[SourceQuality "1"]

1. e4 c5 2. Nf3 a6 3. c3 d5 4. exd5 Qxd5 5. d4 Nf6 6. Be2 g6 7. O-O Bg7 8. c4
Qd6 9. d5 O-O 10. Nc3 Bg4 11. Ng5 Bxe2 12. Qxe2 Nbd7 13. g3 Rfe8 14. Bf4 Qb6
15. a4 h6 16. a5 Qd8 17. Nxf7 Kxf7 18. Qe6+ Kf8 19. d6 Rc8 20. dxe7+ Rxe7 21.
Bd6 Rc6 22. Nd5 Nxd5 23. cxd5 Rxd6 24. Qxd6 Qe8 25. Qc7 Qb8 26. d6 Rf7 27. Rfe1
Bf6 28. Re6 Bd8 29. Qxb8 Nxb8 30. Rxg6 Rf6 31. Rxf6+ Bxf6 32. Rc1 Bxb2 33. Rxc5
Nc6 34. Kg2 Bf6 35. Rh5 Kg7 36. Kf3 Bd8 37. Ke4 Bxa5 38. Kd5 Bb6 39. Rf5 a5 40.
Rf4 Bd8 41. Ke6 Bg5 42. Rc4 Bf6 43. Rg4+ 1-0

[Event "Madrid ch 2021-2022 Semifinal"]
[Site "Madrid ESP"]
[Date "2022.05.05"]
[Round "2.13"]
[White "Moreno Torrero, Javier"]
[Black "De La Puerta Cresis, Javier"]
[Result "0-1"]
[WhiteElo "1948"]
[BlackElo "2128"]
[PlyCount "78"]
[EventDate "2022.05.04"]
[EventType "swiss"]
[EventRounds "9"]
[EventCountry "ESP"]
[SourceTitle "Ajedrez en Madrid"]
[Source "lmi"]
[SourceDate "2022.05.04"]
[SourceVersion "1"]
[SourceVersionDate "2022.05.15"]
[SourceQuality "1"]

1. d4 Nf6 2. c4 g6 3. Nc3 Bg7 4. e4 d6 5. f3 O-O 6. Be3 a6 7. Qd2 Nc6 8. Nge2
Na5 9. Ng3 Nd7 10. Bh6 c5 11. Bxg7 Kxg7 12. h4 h6 13. h5 Rh8 14. dxc5 dxc5 15.
O-O-O Nc6 16. hxg6 fxg6 17. f4 Nf6 18. Qxd8 Rxd8 19. Rxd8 Nxd8 20. e5 Ng4 21.
Nd5 Nc6 22. Nb6 Rb8 23. Nxc8 Rxc8 24. Be2 Ne3 25. Kd2 Nxg2 26. Nh5+ Kf7 27. e6+
Kf8 28. Bf3 Rd8+ 29. Kc3 Ne3 30. Ng3 Kg7 31. Bxc6 bxc6 32. Ne4 Rd4 33. Nd2 Rxf4
34. Kd3 Ng4 35. Re1 Rd4+ 36. Kc3 Nf6 37. Re5 h5 38. Nf3 Re4 39. Kd3 Rf4 0-1

[Event "Madrid ch 2021-2022 Semifinal"]
[Site "Madrid ESP"]
[Date "2022.05.05"]
[Round "2.14"]
[White "Barraza Caracuel, Ignacio"]
[Black "Lopez de Turiso, Jose Angel"]
[Result "1-0"]
[WhiteElo "2100"]
[BlackElo "1933"]
[PlyCount "77"]
[EventDate "2022.05.04"]
[EventType "swiss"]
[EventRounds "9"]
[EventCountry "ESP"]
[SourceTitle "Ajedrez en Madrid"]
[Source "lmi"]
[SourceDate "2022.05.04"]
[SourceVersion "1"]
[SourceVersionDate "2022.05.15"]
[SourceQuality "1"]

1. d4 d5 2. Nf3 e6 3. c4 Nf6 4. Nc3 c6 5. g3 Nbd7 6. Qb3 Bd6 7. Bg2 O-O 8. O-O
Qc7 9. c5 Be7 10. Bf4 Qd8 11. Qc2 Re8 12. h3 Nf8 13. g4 Ng6 14. Bg3 Nd7 15. b4
a6 16. e4 f6 17. Rfe1 Bf8 18. Re2 dxe4 19. Qxe4 f5 20. Qc2 Nf6 21. gxf5 exf5
22. Rxe8 Nxe8 23. Qb3+ Kh8 24. Ne5 Nxe5 25. Bxe5 Qe7 26. Re1 Be6 27. d5 cxd5
28. Nxd5 Qf7 29. Qf3 Rd8 30. Nb6 Bxa2 31. Qxb7 a5 32. Qxf7 Bxf7 33. bxa5 Bxc5
34. Rc1 Bd6 35. Bxd6 Rxd6 36. Rc8 g6 37. Bc6 Rd1+ 38. Kh2 Re1 39. a6 1-0

[Event "Madrid ch 2021-2022 Semifinal"]
[Site "Madrid ESP"]
[Date "2022.05.05"]
[Round "2.15"]
[White "Bravo De La Vega, Alvaro"]
[Black "Baeza Escudero, Javier"]
[Result "1-0"]
[WhiteElo "2082"]
[BlackElo "1874"]
[PlyCount "79"]
[EventDate "2022.05.04"]
[EventType "swiss"]
[EventRounds "9"]
[EventCountry "ESP"]
[SourceTitle "Ajedrez en Madrid"]
[Source "lmi"]
[SourceDate "2022.05.04"]
[SourceVersion "1"]
[SourceVersionDate "2022.05.15"]
[SourceQuality "1"]

1. e4 e6 2. d4 d5 3. Nd2 a6 4. Ngf3 c5 5. c3 Nc6 6. Bd3 cxd4 7. cxd4 dxe4 8.
Nxe4 Nf6 9. Nxf6+ gxf6 10. O-O Bd7 11. Re1 Bb4 12. Bd2 Qa5 13. Bxb4 Nxb4 14.
Bc4 Rc8 15. Qe2 Qf5 16. Rac1 Bc6 17. Nh4 Qf4 18. Bxe6 Rc7 19. Bb3+ Kd8 20. g3
Rg8 21. Ng2 Qf3 22. Qxf3 Bxf3 23. Rxc7 Kxc7 24. Nh4 Bd5 25. Bxd5 Nxd5 26. Kg2
Kc6 27. Nf5 Kb5 28. Nd6+ Kc6 29. Nxf7 Rg4 30. Nd8+ Kd7 31. Ne6 b6 32. Kf3 Rg8
33. Nf4 Nb4 34. a3 Nc2 35. Rd1 Re8 36. Ng2 b5 37. Ne3 Rc8 38. Rd2 Ne1+ 39. Ke2
Rc1 40. Rd1 1-0

[Event "Madrid ch 2021-2022 Semifinal"]
[Site "Madrid ESP"]
[Date "2022.05.05"]
[Round "2.16"]
[White "Neagu, Roberto Florin"]
[Black "Santamaria Baeza, Adolfo"]
[Result "0-1"]
[WhiteElo "2076"]
[BlackElo "1870"]
[PlyCount "92"]
[EventDate "2022.05.04"]
[EventType "swiss"]
[EventRounds "9"]
[EventCountry "ESP"]
[SourceTitle "Ajedrez en Madrid"]
[Source "lmi"]
[SourceDate "2022.05.04"]
[SourceVersion "1"]
[SourceVersionDate "2022.05.15"]
[SourceQuality "1"]

1. d4 Nf6 2. Nf3 e6 3. Bf4 b6 4. Nbd2 Bb7 5. e3 c5 6. Bd3 Nc6 7. c3 Be7 8. h3
d6 9. Qe2 O-O 10. O-O Re8 11. e4 Qc7 12. Bh2 a6 13. Nc4 cxd4 14. cxd4 Nb4 15.
e5 Nxd3 16. Qxd3 Be4 17. Qb3 Bd5 18. exf6 Bxc4 19. Qc3 Bd8 20. Rfc1 Rc8 21. Ne5
dxe5 22. Bxe5 Qd7 23. Qg3 g6 24. Qf4 Kh8 25. b3 Bd5 26. Rxc8 Qxc8 27. Rc1 Qd7
28. Rc3 Rg8 29. h4 b5 30. Rg3 Qe8 31. Rg5 Qf8 32. Bd6 Qe8 33. h5 gxh5 34. Rxh5
Rxg2+ 35. Kf1 Rg6 36. Qh4 Qg8 37. Be7 Bf3 38. Ke1 Ba5+ 39. b4 Bxh5 40. Qxh5
Rg1+ 41. Kd2 Bc7 42. d5 exd5 43. Qh3 Bf4+ 44. Kd3 Qg6+ 45. Kd4 Rc1 46. f3 Rc4+
0-1

[Event "Madrid ch 2021-2022 Semifinal"]
[Site "Madrid ESP"]
[Date "2022.05.05"]
[Round "2.17"]
[White "Portero Rubio, Martin"]
[Black "Tenorio Garcia, Joel"]
[Result "1/2-1/2"]
[WhiteElo "1868"]
[BlackElo "2027"]
[PlyCount "44"]
[EventDate "2022.05.04"]
[EventType "swiss"]
[EventRounds "9"]
[EventCountry "ESP"]
[SourceTitle "Ajedrez en Madrid"]
[Source "lmi"]
[SourceDate "2022.05.04"]
[SourceVersion "1"]
[SourceVersionDate "2022.05.15"]
[SourceQuality "1"]

1. e4 e5 2. Bc4 Nc6 3. d3 Bc5 4. Nc3 d6 5. Na4 Nf6 6. Nxc5 dxc5 7. a4 Qd6 8.
Ne2 Bg4 9. h3 Bh5 10. g4 Bg6 11. f4 exf4 12. Bxf4 Qe7 13. Qd2 O-O-O 14. O-O-O
Nxe4 15. Qe3 Nd6 16. Qxc5 Nxc4 17. Qxe7 Nxe7 18. dxc4 Nc6 19. Nc3 Nb4 20. Nd5
Nxd5 21. cxd5 Rhe8 22. Rd4 Re4 1/2-1/2

[Event "Madrid ch 2021-2022 Semifinal"]
[Site "Madrid ESP"]
[Date "2022.05.05"]
[Round "2.18"]
[White "Esteban Amo, Jose M."]
[Black "Bello Burguet, Glenier Lazaro"]
[Result "0-1"]
[WhiteElo "1856"]
[BlackElo "1993"]
[PlyCount "140"]
[EventDate "2022.05.04"]
[EventType "swiss"]
[EventRounds "9"]
[EventCountry "ESP"]
[SourceTitle "Ajedrez en Madrid"]
[Source "lmi"]
[SourceDate "2022.05.04"]
[SourceVersion "1"]
[SourceVersionDate "2022.05.15"]
[SourceQuality "1"]

1. d4 Nf6 2. Nf3 d5 3. e3 e6 4. Bd3 Be7 5. O-O O-O 6. Nbd2 Nbd7 7. b3 c5 8. Bb2
a6 9. a4 b6 10. Ne5 Bb7 11. Qf3 Qc7 12. Qh3 h6 13. Rad1 Rad8 14. f3 cxd4 15.
exd4 Bb4 16. Nb1 Rc8 17. g4 Bd6 18. Rde1 Be7 19. Bc1 Bd6 20. g5 Nh7 21. f4 Nxe5
22. fxe5 Be7 23. g6 Ng5 24. gxf7+ Rxf7 25. Bxg5 Bxg5 26. Qxe6 Qe7 27. Qg6 Rf4
28. e6 Qf6 29. Rxf4 Bxf4 30. Qh7+ Kf8 31. e7+ Kf7 32. Bg6+ Qxg6+ 33. Qxg6+ Kxg6
34. e8=Q+ Rxe8 35. Rxe8 Kf7 36. Re1 g5 37. Kg2 Bc8 38. Nc3 Bd2 39. Rf1+ Ke6 40.
Ne2 a5 41. Rd1 Bb4 42. c3 Be7 43. Ng3 Kf6 44. Kf3 Kg6 45. Re1 Bd6 46. Re8 Bh3
47. Rg8+ Kf7 48. Rh8 Bf8 49. Nh5 Bf5 50. Ng3 Bg6 51. Kg4 Kg7 52. Rxf8 Kxf8 53.
Nf5 Kf7 54. Nd6+ Kf6 55. Kg3 Bc2 56. Nc8 Bxb3 57. Nxb6 Kf5 58. Kf3 h5 59. h3 h4
60. Ke2 g4 61. hxg4+ Kxg4 62. Kf2 h3 63. Nd7 Bxa4 64. Nf6+ Kh4 65. Nxd5 Bc6 66.
Ne3 h2 67. Nf5+ Kg4 68. Ng3 a4 69. c4 a3 70. d5 a2 0-1

[Event "Madrid ch 2021-2022 Semifinal"]
[Site "Madrid ESP"]
[Date "2022.05.05"]
[Round "2.19"]
[White "Sanchez Garcia, Aurelio"]
[Black "Torres Rebolledo, Alvaro"]
[Result "1-0"]
[WhiteElo "1988"]
[BlackElo "1839"]
[PlyCount "137"]
[EventDate "2022.05.04"]
[EventType "swiss"]
[EventRounds "9"]
[EventCountry "ESP"]
[SourceTitle "Ajedrez en Madrid"]
[Source "lmi"]
[SourceDate "2022.05.04"]
[SourceVersion "1"]
[SourceVersionDate "2022.05.15"]
[SourceQuality "1"]

1. Nf3 d5 2. e3 Nf6 3. c4 e6 4. Nc3 Be7 5. b3 c5 6. cxd5 exd5 7. d4 O-O 8. Bb2
Nc6 9. Be2 Bf5 10. O-O Qd7 11. Rc1 Rfd8 12. dxc5 Bxc5 13. Nb5 Be7 14. Nbd4 Ne4
15. Nxf5 Qxf5 16. Nd4 Nxd4 17. Bxd4 Ba3 18. Rc7 b6 19. Bg4 Qg5 20. Qf3 Rf8 21.
Qf5 Qxf5 22. Bxf5 Nd6 23. Bd7 Rfd8 24. Rd1 Ne8 25. Rb7 Nd6 26. Rc7 Ne8 27. Rb7
Nd6 28. Rc7 Ne8 29. Bxe8 Rxe8 30. Rd2 Rec8 31. Rdc2 Rxc7 32. Rxc7 f6 33. g4 Kf8
34. g5 Be7 35. gxf6 gxf6 36. Rd7 Rc8 37. Rxa7 Rb8 38. Rd7 Rd8 39. Rxd8+ Bxd8
40. Kg2 Kf7 41. Kf3 Kg6 42. a4 Kf5 43. b4 Bc7 44. h3 h5 45. Bc3 Ke6 46. a5 bxa5
47. bxa5 d4 48. exd4 Kd5 49. a6 Bb8 50. Ba5 Ba7 51. Bd8 Kxd4 52. Bxf6+ Kc5 53.
Ke4 Kc4 54. Bg5 Kb5 55. Be3 Bxe3 56. fxe3 Kxa6 57. Kd5 Kb7 58. Ke6 Kc6 59. e4
Kc7 60. Ke7 Kc6 61. e5 Kd5 62. Kf6 Ke4 63. e6 Kf3 64. Kg5 Kg3 65. h4 Kf3 66. e7
Ke4 67. e8=Q+ Kd4 68. Qe6 Kc3 69. Qd5 1-0

[Event "Madrid ch 2021-2022 Semifinal"]
[Site "Madrid ESP"]
[Date "2022.05.06"]
[Round "3.1"]
[White "Ruiz Buendia, Miguel"]
[Black "Centeno Mendoza, Julio Stefano"]
[Result "0-1"]
[WhiteElo "2162"]
[BlackElo "2050"]
[PlyCount "74"]
[EventDate "2022.05.04"]
[EventType "swiss"]
[EventRounds "9"]
[EventCountry "ESP"]
[SourceTitle "Ajedrez en Madrid"]
[Source "lmi"]
[SourceDate "2022.05.04"]
[SourceVersion "1"]
[SourceVersionDate "2022.05.15"]
[SourceQuality "1"]

1. e4 e5 2. Nf3 Nc6 3. Bc4 Bc5 4. b4 Bxb4 5. c3 Be7 6. d4 Na5 7. Bd3 d6 8. O-O
Nf6 9. dxe5 dxe5 10. Nxe5 O-O 11. Be3 c5 12. Nd2 Qc7 13. f4 Rd8 14. Qe2 Nc6 15.
Ndc4 Be6 16. Nxc6 Qxc6 17. Ne5 Qc7 18. h3 Bd6 19. Ng4 Bxg4 20. hxg4 c4 21. Bc2
Bc5 22. Bf2 g6 23. e5 Nd5 24. Qf3 Qa5 25. Be4 Nxc3 26. Bxb7 Rab8 27. e6 fxe6
28. Rae1 Bxf2+ 29. Rxf2 Nd5 30. Rb1 Qc7 31. Rfb2 c3 32. Bxd5 Rxb2 33. Bxe6+ Kg7
34. Re1 c2 35. Qf1 Qb6+ 36. Kh2 Rb1 37. Rc1 Qxe6 0-1

[Event "Madrid ch 2021-2022 Semifinal"]
[Site "Madrid ESP"]
[Date "2022.05.06"]
[Round "3.2"]
[White "Horcajuelo Rocamora, Martin"]
[Black "Gueler Berdasco, Martin"]
[Result "1-0"]
[WhiteElo "2126"]
[BlackElo "1946"]
[PlyCount "59"]
[EventDate "2022.05.04"]
[EventType "swiss"]
[EventRounds "9"]
[EventCountry "ESP"]
[SourceTitle "Ajedrez en Madrid"]
[Source "lmi"]
[SourceDate "2022.05.04"]
[SourceVersion "1"]
[SourceVersionDate "2022.05.15"]
[SourceQuality "1"]

1. d4 Nf6 2. c4 g6 3. h4 d5 4. cxd5 Bg7 5. Nf3 Bf5 6. Qa4+ Nbd7 7. Nc3 O-O 8.
Qb3 Nb6 9. Nd2 Nbxd5 10. Nxd5 Qxd5 11. Qxd5 Nxd5 12. e4 Nb4 13. exf5 Nc2+ 14.
Kd1 Nxa1 15. fxg6 Bxd4 16. gxh7+ Kh8 17. Bd3 Rad8 18. Ke2 e5 19. Bf5 e4 20.
Bxe4 f5 21. Bb1 Rfe8+ 22. Kf3 Re5 23. Nc4 Rc5 24. b3 b5 25. Bg5 Re8 26. Rd1
bxc4 27. Rxd4 c3 28. Rd7 Re6 29. Bd3 c2 30. Bc1 1-0

[Event "Madrid ch 2021-2022 Semifinal"]
[Site "Madrid ESP"]
[Date "2022.05.06"]
[Round "3.3"]
[White "Simonyan, Arturo"]
[Black "Rottenwohrer Suarez, Juan"]
[Result "0-1"]
[WhiteElo "1895"]
[BlackElo "2256"]
[PlyCount "92"]
[EventDate "2022.05.04"]
[EventType "swiss"]
[EventRounds "9"]
[EventCountry "ESP"]
[SourceTitle "Ajedrez en Madrid"]
[Source "lmi"]
[SourceDate "2022.05.04"]
[SourceVersion "1"]
[SourceVersionDate "2022.05.15"]
[SourceQuality "1"]

1. e4 c5 2. Nf3 g6 3. d4 cxd4 4. Nxd4 Nc6 5. c4 Nf6 6. Nc3 d6 7. Be2 Nxd4 8.
Qxd4 Bg7 9. Be3 O-O 10. Qd2 a5 11. f3 a4 12. Kf2 Qa5 13. Rac1 Be6 14. Nd5 Nxd5
15. Qxa5 Rxa5 16. cxd5 Bc8 17. Rc7 e6 18. Rhc1 Ra8 19. R1c2 exd5 20. exd5 Bf5
21. Rd2 Bb1 22. a3 Rfb8 23. Bd4 Bh6 24. Be3 Bg7 25. Bf4 Bf8 26. g4 Ba2 27. Rd7
Rd8 28. Rxb7 Rab8 29. Ra7 Ra8 30. Rxa8 Rxa8 31. Bb5 Bb3 32. Bc6 Rd8 33. Bg5 Rb8
34. Bf6 Bg7 35. g5 h6 36. h4 Rb6 37. Rd4 Kh7 38. Rb4 Ra6 39. Rb7 Kg8 40. Bxg7
Kxg7 41. gxh6+ Kxh6 42. Rxf7 Rxc6 43. Rf4 Rc5 44. Ke3 Rxd5 45. Rb4 Rd1 46. Rb6
Kh5 0-1